| 000 | 00559nam a2200181 a 4500 | ||
|---|---|---|---|
| 001 | 000032725 | ||
| 005 | 20200930065809.0 | ||
| 008 | 100222s1925 dr 001 0 spa d | ||
| 040 |
_aDO-SdBNP _bspa _cBNPHU |
||
| 082 |
_axxxx _bR426l |
||
| 110 | 1 |
_aRepública Dominicana _9447 |
|
| 240 | 1 | 3 | _a[Leyes etc.] |
| 245 | 1 | 0 |
_aLey No. 278 que modifica la ley No. 190 : _b(impuesto sobre venta, uso y consumo). |
| 250 | _aed. oficial | ||
| 260 |
_aSanto Domingo : _bImprenta de J. R. Vda García, Sucesores, _c1925. |
||
| 300 |
_a12 p. : ; _c26 cm. |
||
| 049 | _aBNPD | ||
| 999 |
_c32216 _d32216 |
||